banner-ar

حراس الهيكل الجزء الثالث : الفضائح : (Record no. 9365)

MARC details
000 -الفاتح
حقل البيانات ثابتة الطول 00974nam a2200253Ia 4500
008 - عناصر البيانات ثابتة الطول - معلومات عامة
حقل البيانات ثابتة الطول 140319s9999 xx 000 0 ara d
020 ## - الرقم الدولى المعيارى للكتب
الرقم الدولى المعيارى للكتاب 3706081977
040 ## - مصدر الفهرسة
وكالة الفهرسة الأصلية GCL /
وكالة النسخ GCL
082 04 - رقم تصنيف ديوى العشرى
رقم التصنيف 355.3432
رقم المادة ف ح
100 1# - المدخل الرئيسى - إسم شخصى
الإسم الشخصى فريد الفالوجى
245 10 - بيان العنوان
العنوان حراس الهيكل الجزء الثالث : الفضائح :
بقية العنوان عمليات الموساد الخارجية فى نصف قرن الخطف - الاغتيالات - الفضائح /
بيان المسئوليه,etc فريد الفالوجى
250 ## - بيان الطبعة
بيان الطبعة الاولى
260 ## - PUBLICATION, DISTRIBUTION, ETC. (IMPRINT)
تاريخ النشر أو التوزيع 2004
300 ## - الوصف المادى
التعداد 448 ص ؛
أبعاد الوعاء 24 سم
650 04 - المدخل الاضافى بالموضوع-مصطلح موضوعى
مصطلح موضوعي الاغتيال
650 04 - المدخل الاضافى بالموضوع-مصطلح موضوعى
مصطلح موضوعي الجواسيس
650 04 - المدخل الاضافى بالموضوع-مصطلح موضوعى
مصطلح موضوعي الجاسوسية
650 04 - المدخل الاضافى بالموضوع-مصطلح موضوعى
مصطلح موضوعي الموساد
650 04 - المدخل الاضافى بالموضوع-مصطلح موضوعى
مصطلح موضوعي المخابرات العسكرية - اسرائيل
650 04 - المدخل الاضافى بالموضوع-مصطلح موضوعى
مصطلح موضوعي المخابرات - اسرائيل
650 04 - المدخل الاضافى بالموضوع-مصطلح موضوعى
مصطلح موضوعي الاغتيالات السياسية
942 ## - عناصر المدخل الإضافي( كوها)
مصدر التصنيف او مخطط الترفيف Dewey Decimal Classification
Koha [default] item type كتاب
260 ## - PUBLICATION, DISTRIBUTION, ETC. (IMPRINT)
-- القاهرة :
-- أطلس للنشر والانتاج الاعلامى ،
Holdings
حالة التراجع حالة الفقد حالة تلف ليس للاعارة المكان المؤقت الموقع الحالى تاريخ الاكتساب اجمالي اﻻعارات رقم الطلب الباركود تاريخ اخر مشاهدة تاريخ تفعيل السعر نوع وعاء كوها
        مكتبة القاهرة الكبرى مكتبة القاهرة الكبرى 03/26/2014   355.3432\ف ح 19553 03/26/2014 03/26/2014 كتاب

Powered By

EGPV